Normal view
MARC view
- الحديث -- إسناد صحيح -- الحديث -- شرح
Entry Topical Term
001 - CONTROL NUMBER
- control field: 56472
003 - CONTROL NUMBER IDENTIFIER
- control field: JO-AjAnu
005 - DATE AND TIME OF LATEST TRANSACTION
- control field: 20230606083244.0
008 - FIXED-LENGTH DATA ELEMENTS
- fixed length control field: 230606|| aca||aabn | a|a d
040 ## - CATALOGING SOURCE
- Original cataloging agency: JO-AjAnu
- Transcribing agency: JO-AjAnu
150 ## - HEADING--TOPICAL TERM
- Topical term or geographic name entry element: الحديث -- إسناد صحيح -- الحديث -- شرح
670 ## - SOURCE DATA FOUND
- Source citation: Work cat.: (JO-AjAnu)28816: النووي، يحيى بن شرف بن مري، 631-676 هـ, author 56471, المنهاج في شرح صحيح مسلم بن الحجاج: شرح النووي علي مسلم